00210nam a22000857a 4500008004100000082002100041245004500062260000900107300000800116230620b xxu||||| |||| 00| 0 eng d a321.89bCPA 2001 aAustralia: A CenturybBuilding Democracy c2001 a88p